| 000 | 00638nam a2200241 a 4500 | ||
|---|---|---|---|
| 001 | nice12345678 | ||
| 003 | IN_TiNIC | ||
| 005 | 20260116012448.0 | ||
| 008 | 050524s1981 dela grp 000 0 eng | ||
| 020 |
_a _c65 |
||
| 082 | 0 | 0 |
_a323.39710954 _bMUH |
| 100 | _aMuhammad, Shan | ||
| 245 |
_aSuccessors of Sir Syed Ahmad Khan _b Their Role in the Growth of Muslim Polit |
||
| 260 |
_aDelhi _bIdara-I-Adabiyat-I-Dilli _c1981 |
||
| 300 | _a183p | ||
| 500 | _aincludes index and biblioraphy | ||
| 505 | 2 | _aindex | |
| 650 | _aMuslims-India-Politics | ||
| 700 | 1 | _aMuhammad, Shan | |
| 902 | _bSRS | ||
| 942 | _cBK | ||
| 999 |
_c7120 _d7120 |
||